00339nam a2200133Ia 4500008004100000020001800041041001200059100001300071245004400084260004200128300000800170650001400178700001300192221030s9999 xx 000 0 und d a9789391787011 aEnglish aP. Diwan 0aModern Hindu Lawcby P. Diwan, P. Diwan bAllahabad Law AgencyaFaridabadc2021 a442 aHindu Law aP. Diwan